ATHLETICS ( SKILLS & TECHNIQUES) (Record no. 878702)

MARC details
000 -LEADER
fixed length control field 00363nam a2200145Ia 4500
008 - FIXED-LENGTH DATA ELEMENTS--GENERAL INFORMATION
fixed length control field 231004s2016 xx 000 0 und d
020 ## - INTERNATIONAL STANDARD BOOK NUMBER
International Standard Book Number 9788175244054
041 ## - LANGUAGE CODE
Language code of text/sound track or separate title eng
082 ## - DEWEY DECIMAL CLASSIFICATION NUMBER
Classification number 796.04
Item number GUP
100 ## - MAIN ENTRY--PERSONAL NAME
Personal name GUPTA, U C
245 ## - TITLE STATEMENT
Title ATHLETICS ( SKILLS & TECHNIQUES)
260 ## - PUBLICATION, DISTRIBUTION, ETC.
Place of publication, distribution, etc. NEW DELHI
Name of publisher, distributor, etc. K S K PUBLISHER
Date of publication, distribution, etc. 2016
300 ## - PHYSICAL DESCRIPTION
Extent 62
650 ## - SUBJECT ADDED ENTRY--TOPICAL TERM
Topical term or geographic name entry element SPORTS & GAMES
Holdings
Withdrawn status Lost status Damaged status Not for loan Collection Home library Current library Shelving location Date acquired Cost, normal purchase price Total Checkouts Full call number Barcode Date last seen Price effective from Koha item type
        MPED College of Physical Education, Pune College of Physical Education, Pune R9/6 19/03/2022 125.00   796.04/GUP PEP-MPED-1070 06/10/2023 06/10/2023 Book